00225nam a22001097a 4500003000400000020001500004082001400019100002000033245002500053260003000078300000700108SGT a3764334002 a410bS89K aKIMURA, DEREEN  aSPEECH AND LANGUAGE  aBOSTON bBIRKHAUSERc1989 a75